La Profesión académica como objeto de estudio: antecedentes y referentes conceptuales /

En este artículo se presentan algunos referentes teóricos que sustentan la investigación de la profesión académica, la cual constituye una rica veta con nuevas perspectivas para un mejor conocimiento de las instituciones universitarias

Guardado en:
書目詳細資料
主要作者: Aguilar Hernández, Marielos
格式: Texto
主題:
標簽: 添加標簽
沒有標簽, 成為第一個標記此記錄!

MARC

LEADER 00000 a a2200000 04500
001 15301
003
040
100 |a Aguilar Hernández, Marielos  
245 |a La Profesión académica como objeto de estudio:   |b antecedentes y referentes conceptuales /  |c Marielos Aguilar Hernández 
500 |a El presente artículo forma parte de un estudio mayor, elaborado por la autora, denominado "Evolución y situación actual de la profesión académica en la Universidad de Costa Rica. Programa de Doctorado en Educación. Sistema de Estudios de Posgrado. Univers  
520 |a En este artículo se presentan algunos referentes teóricos que sustentan la investigación de la profesión académica, la cual constituye una rica veta con nuevas perspectivas para un mejor conocimiento de las instituciones universitarias  
650 |a ENSEÑANZA SUPERIOR  
650 |a PROFESORES  
650 |a SOCIOLOGIA DE LA EDUCACION  
773 |g número 97 (III); páginas 63-77  
999 |c 36141  |d 36141 
773 0 |0 18728  |9 3040  |a Universidad de Costa Rica  |d San José, Costa Rica Editorial UCR 1956-  |o 17114  |t Revista de Ciencias Sociales/  |x 04825276